Man vs beast / (Record no. 2990)

MARC details
000 -LEADER
fixed length control field 01331cam a22003737a 4500
001 - CONTROL NUMBER
control field 2990
003 - CONTROL NUMBER IDENTIFIER
control field FISKH
005 - DATE AND TIME OF LATEST TRANSACTION
control field 20240129145641.0
008 - FIXED-LENGTH DATA ELEMENTS--GENERAL INFORMATION
fixed length control field 091026s2006 enk j 000 1 eng
010 ## - LIBRARY OF CONGRESS CONTROL NUMBER
LC control number 2009517252
015 ## - NATIONAL BIBLIOGRAPHY NUMBER
National bibliography number GBA655581
Source bnb
016 7# - NATIONAL BIBLIOGRAPHIC AGENCY CONTROL NUMBER
Record control number 013494646
Source Uk
020 ## - INTERNATIONAL STANDARD BOOK NUMBER
International Standard Book Number 0340911697 (pbk.)
020 ## - INTERNATIONAL STANDARD BOOK NUMBER
International Standard Book Number 9780340911693 (pbk.)
035 ## - SYSTEM CONTROL NUMBER
System control number (OCoLC)ocm70173265
040 ## - CATALOGING SOURCE
Original cataloging agency UKM
Transcribing agency UKM
Modifying agency YDXCP
-- DLC
Language of cataloging eng
042 ## - AUTHENTICATION CODE
Authentication code ukblsr
-- lccopycat
050 00 - LIBRARY OF CONGRESS CALL NUMBER
Classification number PZ7.M869647
Item number Ma 2006
082 04 - DEWEY DECIMAL CLASSIFICATION NUMBER
Classification number 823.92
Edition number 22
100 1# - MAIN ENTRY--PERSONAL NAME
Personal name Muchamore, Robert.
245 10 - TITLE STATEMENT
Title Man vs beast /
Statement of responsibility, etc. Robert Muchamore.
250 ## - EDITION STATEMENT
Edition statement This edition published 2014
260 ## - PUBLICATION, DISTRIBUTION, ETC.
Place of publication, distribution, etc. London :
Name of publisher, distributor, etc. Hodder Children's,
Date of publication, distribution, etc. 2006.
300 ## - PHYSICAL DESCRIPTION
Extent 310 pages :
Dimensions 20 cm.
490 0# - SERIES STATEMENT
Series statement CHERUB ;
Volume/sequential designation Book 6
520 ## - SUMMARY, ETC.
Summary, etc. When a new radical animal protection group argues that it is right to kill or threaten one human in order to save the lives of many animals, James and the other agents must try to stop the group from completing a violent mission.
650 #0 - SUBJECT ADDED ENTRY--TOPICAL TERM
Topical term or geographic name entry element CHERUB (Imaginary organization)
Form subdivision Juvenile fiction.
650 #0 - SUBJECT ADDED ENTRY--TOPICAL TERM
Topical term or geographic name entry element Espionage
Form subdivision Juvenile fiction.
650 #0 - SUBJECT ADDED ENTRY--TOPICAL TERM
Topical term or geographic name entry element Animal rights activists
Form subdivision Juvenile fiction.
655 #7 - INDEX TERM--GENRE/FORM
Genre/form data or focus term Spy stories.
Source of term gsafd
655 #0 - INDEX TERM--GENRE/FORM
Genre/form data or focus term Children's stories.
906 ## - LOCAL DATA ELEMENT F, LDF (RLIN)
a 7
b cbc
c copycat
d 2
e ncip
f 20
g y-gencatlg
942 ## - ADDED ENTRY ELEMENTS (KOHA)
Source of classification or shelving scheme Dewey Decimal Classification
Koha item type Books
Suppress in OPAC No
Holdings
Withdrawn status Lost status Source of classification or shelving scheme Damaged status Not for loan Collection Home library Current library Shelving location Date acquired Total Checkouts Full call number Barcode Date last seen Price effective from Koha item type
    Dewey Decimal Classification     Fiction Footprints International School Library Network Toul Kork Campus Footprints International School Library Network Toul Kork Campus   01/29/2024   MUC Fic PZ7.M869647 2024-0056 01/29/2024 01/29/2024 Books